<?xml version="1.0" encoding="UTF-8"?>
<record
    xmlns:xsi="http://www.w3.org/2001/XMLSchema-instance"
    xsi:schemaLocation="http://www.loc.gov/MARC21/slim http://www.loc.gov/standards/marcxml/schema/MARC21slim.xsd"
    xmlns="http://www.loc.gov/MARC21/slim">

  <leader>00341    a2200109   4500</leader>
  <controlfield tag="001">ART_15587</controlfield>
  <controlfield tag="005">20260410161735.0</controlfield>
  <controlfield tag="008">260409a                                 </controlfield>
  <datafield tag="245" ind1="1" ind2="0">
    <subfield code="a">Pol&#xED;ticas de ingresos en programas de estabilizaci&#xF3;n</subfield>
  </datafield>
  <datafield tag="100" ind1="1" ind2=" ">
    <subfield code="a">Carballo, Carlos</subfield>
  </datafield>
  <datafield tag="773" ind1="0" ind2=" ">
    <subfield code="t">Ejecutivos de finanzas</subfield>
    <subfield code="g">- A&#xF1;o 6, N&#xBA; 50 (oct. 1988)</subfield>
    <subfield code="w">REV2863</subfield>
  </datafield>
  <datafield tag="999" ind1=" " ind2=" ">
    <subfield code="c">18238</subfield>
    <subfield code="d">18238</subfield>
  </datafield>
</record>
